00463nam a22001457a 4500010001500000020002600015035001400041037001300055082000600068100002500074245009500099260003800194270006400232300002100296 aENG-120710 c130.00a9788179663394 aEN-104242 bDBAD/PUB aS aSubramanian, kamlesh aFeather in a C.A.P. :cby Kamlesh Subramanianba corprate vikram vedhal story management / aChennaibEmerald Publishersc2016 a15A, First Floor, Case Major Road, Egmore,bChennaie600008 a71p.b22cm(pbk).